| 000 | 00383nam a2200169Ia 4500 | ||
|---|---|---|---|
| 008 | 210210b1907 xxu||||| |||| 00| 0 eng d | ||
| 041 | _aeng | ||
| 082 | _a829/270 | ||
| 100 | _aDICKENS (C) | ||
| 245 | _aSketches by Boz | ||
| 260 |
_aLondon _bMacmillan & Co. Ltd. _c1907 |
||
| 650 | _aSketches | ||
| 650 | _aby | ||
| 650 | _aBoz | ||
| 690 | _aEnglish Fiction | ||
| 906 | _a016875 | ||
| 999 |
_c136700 _d136700 |
||